书目信息 |
| 题名: |
信号与系统
|
|
| 作者: | 薛莲 , 周茉 , 刘少敏 主编 | |
| 分册: | ||
| 出版信息: | 武汉 华中科技大学出版社 2015.11 |
|
| 页数: | 311页 | |
| 开本: | 26cm | |
| 丛书名: | ||
| 单 册: | ||
| 中图分类: | TN911.6 | |
| 科图分类: | ||
| 主题词: | 信号系统--xin hao xi tong--高等学校--教材 | |
| 电子资源: | ||
| ISBN: | 978-7-5680-1128-0 | |
| 000 | 01070nam0 2200289 450 | |
| 001 | 0100004714 | |
| 005 | 20160118092246.9 | |
| 010 | @a978-7-5680-1128-0@dCNY42.80 | |
| 100 | @a20151210d2015 em y0chiy0121 ea | |
| 101 | 0 | @achi |
| 102 | @aCN@b420000 | |
| 105 | @aak a 000yy | |
| 106 | @ar | |
| 200 | 1 | @a信号与系统@Axin hao yu xi tong@f主编薛莲, 周茉, 刘少敏 |
| 210 | @a武汉@c华中科技大学出版社@d2015.11 | |
| 215 | @a311页@c图@d26cm | |
| 300 | @a普通高等教育应用技术型“十三五”规划系列教材 | |
| 320 | @a有书目 (第311页) | |
| 330 | @a《信号与系统分析》共分八章, 包括信号与系统的概念、连续系统的时域分析、连续信号的频域分析、连续系统的复频域分析、离散系统的时域分析、离散系统的Z变换分析、系统函数和系统的状态变量分析。 | |
| 333 | @a可作为电气信息类专业本科生的教材, 也可供相关人员学习参考 | |
| 606 | 0 | @a信号系统@Axin hao xi tong@x高等学校@j教材 |
| 690 | @aTN911.6@v5 | |
| 701 | 0 | @a薛莲@Axue lian@4主编 |
| 701 | 0 | @a周茉@Azhou mo@4主编 |
| 701 | 0 | @a刘少敏@Aliu shao min@4主编 |
| 801 | 0 | @aCN@c20160515 |
| 905 | @a河南城建学院图书馆@dTN911.6@eX953 | |
| 信号与系统/主编薛莲, 周茉, 刘少敏.-武汉:华中科技大学出版社,2015.11 |
| 311页:图;26cm |
| 普通高等教育应用技术型“十三五”规划系列教材.-使用对象:可作为电气信息类专业本科生的教材, 也可供相关人员学习参考 |
| ISBN 978-7-5680-1128-0:CNY42.80 |
| 《信号与系统分析》共分八章, 包括信号与系统的概念、连续系统的时域分析、连续信号的频域分析、连续系统的复频域分析、离散系统的时域分析、离散系统的Z变换分析、系统函数和系统的状态变量分析。 |
| ● |
| 相关链接 |
|
|
|
正题名:信号与系统
索取号:TN911.6/X953
 
预约/预借
| 序号 | 登录号 | 条形码 | 馆藏地/架位号 | 状态 | 备注 |
| 1 | 1253570 | 212535700 | 自科库301/301自科库 34排4列5层/ [索取号:TN911.6/X953] | 在馆 | |
| 2 | 1253571 | 212535719 | 自科库301/301自科库 34排4列5层/ [索取号:TN911.6/X953] | 在馆 | |
| 3 | 1253572 | 212535728 | 自科库301/301自科库 34排4列5层/ [索取号:TN911.6/X953] | 在馆 |